Statistics for FA Cup Winners

Click here to take the quiz!

General Stats

  • This quiz has been taken 37 times
  • The average score is 120 of 142

Answer Stats

SeasonWinner% Correct
1929-1930 | 1935-1936 | 1949-1950 | +11 othersArsenal
100%
1964-1965 | 1973-1974 | 1985-1986 | +5 othersLiverpool
100%
1969-1970 | 1996-1997 | 1999-2000 | +5 othersChelsea
97%
2020-2021Leicester City
97%
1903-1904 | 1933-1934 | 1955-1956 | +4 othersManchester City
97%
1908-1909 | 1947-1948 | 1962-1963 | +9 othersManchester United
97%
1900-1901 | 1920-1921 | 1960-1961 | +5 othersTottenham Hotspur
97%
1886-1887 | 1894-1895 | 1896-1897 | +4 othersAston Villa
94%
1883-1884 | 1884-1885 | 1885-1886 | +3 othersBlackburn Rovers
94%
1882-1883Blackburn Olympic
90%
1905-1906 | 1932-1933 | 1965-1966 | +2 othersEverton
90%
1909-1910 | 1923-1924 | 1931-1932 | +3 othersNewcastle United
90%
1936-1937 | 1972-1973Sunderland
90%
1897-1898 | 1958-1959Nottingham Forest
87%
1892-1893 | 1907-1908 | 1948-1949 | 1959-1960Wolverhampton Wanderers
87%
1971-1972Leeds United
84%
1091-1902 | 1898-1899 | 1914-1915 | 1924-1925Sheffield United
84%
1891-1892 | 1930-1931 | 1953-1954 | 1967-1968West Bromwich Albion
84%
1963-1964 | 1974-1975 | 1979-1980West Ham United
84%
1986-1987Coventry City
81%
1977-1978Ipswich Town
81%
1938-1939 | 2007-2008Portsmouth
81%
1975-1976Southampton
81%
1952-1953Blackpool
77%
1945-1946Derby County
77%
1895-1896 | 1906-1907 | 1934-1935Sheffield Wednesday
74%
1922-1923 | 1924-1926 | 1928-1929 | 1957-1958Bolton Wanderers
71%
1913-1914Burnley
68%
1921-1922Huddersfield Town
68%
1888-1889 | 1937-1938Preston N.E.
68%
2012-2013Wigan Athletic
68%
1987-1988Wimbledon
68%
1926-1927Cardiff CIty
65%
1873-1874Oxford University
65%
1893-1894Notts County
61%
1899-1900 | 1902-1903Bury
58%
1946-1947Charlton Athletic
58%
1910-1911Bradford City
52%
1874-1875Royal Engineers
45%
1911-1912Barnsley
39%
1871-1872 | 1872-1873 | 1875-1876 | +2 othersWanderers
32%
1887-1888West Bromwich Albion
32%
1878-1879 | 1881-1882Old Etonians
29%
1879-1880Clapham Rovers
23%
1880-1881Old Carthusians
13%

Score Distribution

Percentile by Number Answered

Percent of People with Each Score

Your Score History

You have not taken this quiz